LEADER 01451nam a2200301 u 4500 001 000000018182 003 CaOOAMICUS 005 20070226110639.0 008 941222s1963 gw u000 u lat u 035 $a10426904 040 $aPUL(R)$bita$dEFR 041 0 $agre$alat 100 1 $aKraft, Heinrich,$d1918-$0(OLS)http://pul/name/6886 245 10$aClavis Patrum apostolicorum :$bcatalogum vocum in libris Patrum qui dicuntur apostolici /$cnon raro occurrentium adiuvante Ursula Früchtel congessit, contulit, conscripsit Henricus Kraft. 260 $aMünchen :$bKösel Verlag,$c1963. 300 $a501 p. ;$c24 cm 650 0$aApostolic Fathers.$2//eng$0(OLS)http://pul/subject/4462 650 4$aPadri apostolici.$0(OLS)http://pul/subject/4455 700 1 $aFrüchtel, Ursula.$0(OLS)http://pul/name/16237 850 $aPUL 852 $aPUL$W1$xDP1 Fondo Maccarrone$y58$m1505 F 18$j25611$nBK-PRI$b $qFondi$B25611$CPULBib$Z2$F25611 $H $81 852 $aPUL$W1$xSL Religione 1$y3$m23 C 13$j25612$nBK-PRI$b $qStampati$B25612$CPULBib$Z2$F25612 $H $81 941 1 $a8 941 1 $a1 961 $aINV: 01617 -- Fondo Mons. M. Maccarrone 961 $aINV: 25156 996 $6245$aClavis Patrum apostolicorum :$bcatalogum vocum in libris Patrum qui dicuntur apostolici$9(OLS)http://pul/title/25950 996 $6260$aMünchen :$bKösel Verlag$9(OLS)http://pul/publisher/55615 LEADER 01258nam a2200313 u 4500 001 000000078685 003 CaOOAMICUS 005 20070226123445.0 008 040511s1997 it u000 u ita u 020 $a8885414273 035 $a10994553 040 $aPUL$bita 100 1 $aDescartes, René,$d1596-1650.$0(OLS)http://pul/name/6016 240 10$aLettere$9(Descartes, René, 1596-1650).$1Gruppi, scelte.$0(OLS)http://pul/title/85195 245 13$aIl carteggio le polemiche /$cRené Descartes, Henricus Regius ; a cura di Roberto Bordoli. 260 $aNapoli :$bCronopio,$cc1997. 300 $a403 p. ;$c19 cm 490 1 $aTessere 500 $aContiene indici. 504 $abibliografia in nota. 700 1 $aBordoli, Roberto.$0(OLS)http://pul/name/52400 830 0$aTessere (Cronopio).$0(OLS)http://pul/title/103046 850 $aPUL 852 $aPUL$W1$xSL Filosofia 1$y2$m83 A 36$j100868$nBK-PRI$b $qStampati$B100868$CPULBib$Z2$F100868 $HPUL87398 $81 900 $aCartesio,$d1596-1650$96016 941 1 $a8 996 $6020$a8885414273$9(OLS)http://pul/number/103175 996 $6245$aIl carteggio le polemiche$9(OLS)http://pul/title/103045 996 $6260$aNapoli :$bCronopio$9(OLS)http://pul/publisher/75496